000 00668nam a2200289Ia 4500
005 20260324150642.0
008 008 260324s9999 xx 000 0 eng d
020 _a9781315685106
037 _aEBOOK
040 _aCRL
040 _beng
040 _cCRL
041 _2eng
041 _aeng
084 _qCRL
100 _aW. Y. Carman
_91227148
245 2 _aA History of Firearms
245 0 _bFrom Earliest Times to 1914
260 _bTaylor and Francis
260 _c1955
365 _a
365 _b70.99
856 _uhttp://www.taylorfrancis.com/books/9781315685106
942 _cEBOOK
999 _c1836988
_d1836988